Statistics for Countries that Drive on the Left

Click here to take the quiz!

General Stats

  • This quiz has been taken 72 times
  • The average score is 33 of 50

Answer Stats

HintAnswer% Correct
EuropeUnited Kingdom
98%
AfricaSouth Africa
95%
OceaniaAustralia
93%
OceaniaNew Zealand
93%
EuropeIreland
91%
AsiaIndia
84%
North AmericaJamaica
81%
AsiaPakistan
81%
AfricaKenya
79%
AsiaJapan
76%
AfricaTanzania
76%
North AmericaBarbados
74%
AsiaFiji
74%
OceaniaFiji
74%
South AmericaGuyana
74%
North AmericaTrinidad and Tobago
72%
AfricaZambia
72%
AfricaZimbabwe
72%
North AmericaBahamas
71%
AfricaNamibia
69%
AsiaNepal
69%
North AmericaAntigua and Barbuda
67%
AsiaBangladesh
67%
AsiaMalaysia
67%
North AmericaSt Kitts and Nevis
67%
AsiaIndonesia
66%
AfricaLesotho
66%
AsiaSingapore
66%
AfricaBotswana
64%
North AmericaSt Vincent and the Grenadines
62%
South AmericaSuriname
62%
AsiaBhutan
60%
North AmericaSt Lucia
60%
AsiaThailand
60%
AfricaSwaziland
59%
North AmericaDominica
57%
North AmericaGrenada
57%
AsiaSri Lanka
57%
AfricaUganda
57%
OceaniaTonga
55%
AfricaMalawi
53%
EuropeMalta
52%
AfricaMozambique
50%
AsiaPapua New Guinea
47%
OceaniaSolomon Islands
47%
AfricaSomalia
47%
AsiaBrunei
45%
AfricaSeychelles
40%
AfricaMauritius
38%
AsiaCyprus
24%

Score Distribution

Percentile by Number Answered

Percent of People with Each Score

Your Score History

You have not taken this quiz